000 00382 a2200169 4500
001 175292
020 _a85-08-07911-7
040 _cMagnum
100 _aVesentini, José William
240 1 0 _aBrasil: sociedade e espaço
_lpor
245 1 0 _aBrasil: sociedade e espaço
300 _a280
362 0 _a2001
440 1 _aÁtica
697 _aGEOGRAFIA DO BRASIL
942 _cBK
999 _c175292
_d175292